Statystyki dla co mówimy gdy chcemy komuś odmówić nie obrażając go

Kliknij tutaj aby rozwiązać quiz!

Ogólne statystyki

  • Ten quiz został rozwiązany 77 razy
  • Średni wynik to 2 z 6

Statystyki odpowiedzi

Odpowiedzi% Poprawnych
DZIĘKUJE
67%
PRZEPRASZAM
65%
WYBACZ
33%
INNYM RAZEM
32%
NIE MAM CZASU
25%
PRZYKRO MI
16%

Rozkład punktacji

Percentyl według liczby udzielonych odpowiedzi

Procent ludzi z każdym wynikiem

Twoja historia wyników

Nie rozwiązałeś tego quizu